|
|
|
|
| LEADER |
01294nam a2200349 a 4500 |
| 001 |
35374 |
| 003 |
BD-DhAAL |
| 005 |
20211129153837.0 |
| 008 |
190915t1992 enk b 001 0 eng |
| 999 |
|
|
|c 41253
|d 41253
|
| 010 |
|
|
|a 92147959
|
| 020 |
|
|
|a 1853961663
|
| 020 |
|
|
|a 9781853961663
|
| 040 |
|
|
|a DLC
|c DLC
|d DLC
|d BD-DhAAL
|
| 043 |
|
|
|a e-uk---
|
| 050 |
0 |
0 |
|a LB1140.25.G7
|b D68 1992
|
| 082 |
0 |
0 |
|a 372.210941
|2 20
|
| 100 |
1 |
|
|a Dowling, Marion.
|9 34615
|
| 245 |
1 |
0 |
|a Education 3-5 /
|c Marion Dowling.
|
| 246 |
|
|
|a Education three to five.
|
| 250 |
|
|
|a Second edition
|
| 260 |
|
|
|a London :
|b Paul Chapman Pub.,
|c 1992.
|
| 300 |
|
|
|a xiii, 225 pages ;
|c 21 cm.
|
| 504 |
|
|
|a Includes bibliographical references and indexes.
|
| 526 |
|
|
|a BIED
|
| 541 |
|
|
|a Complimentary copy from BIED
|e 35374
|
| 650 |
|
0 |
|a Education, Preschool
|z Great Britain.
|9 34616
|
| 650 |
|
0 |
|a Education, Preschool
|x Curricula
|z Great Britain.
|9 34617
|
| 650 |
|
0 |
|a Nursery schools
|z Great Britain.
|9 34618
|
| 852 |
|
|
|a Ayesha Abed Library
|c BIED Collection
|
| 942 |
|
|
|2 ddc
|c BK
|
| 952 |
|
|
|0 0
|1 0
|2 ddc
|4 0
|6 372_210941000000000_DOW
|7 0
|9 66306
|a BRACUL
|b BRACUL
|c GEN
|d 2019-09-15
|e Complimentary copy from BIED
|l 1
|o 372.210941 DOW
|p 3010035374
|r 2019-09-17
|s 2019-09-17
|t 1
|w 2019-09-15
|y BK
|x Transferred from BIED to General Stacks
|